Top 10 Largest Cities In Arkansas - Statistics

General Stats
  • This quiz has been taken 128 times
  • The average score is 7 of 10
Answer Stats
Rank City % Correct
1 Little Rock
100%
3 Fayetteville
89%
5 Jonesboro
74%
7 Conway
70%
10 Bentonville
68%
6 North Little Rock
67%
2 Fort Smith
65%
8 Rogers
63%
4 Springdale
63%
9 Pine Bluff
61%
No matching quizzes found
Score Distribution
Percent of People with Each Score
Percentile by Number Answered
Your Score History
You have not taken this quiz